BIBLIOTECA

SENCICO

Cálculo estructural en acero : Aplicado a la construcción arquitectónica (Registro nro. 979)

Detalles MARC
000 -LEADER
fixed length control field 00772nam a2200253Ia 4500
005 - DATE AND TIME OF LATEST TRANSACTION
control field 20251020182455.0
008 - FIXED-LENGTH DATA ELEMENTS--GENERAL INFORMATION
fixed length control field 200515s9999 xx 000 0 und d
020 ## - INTERNATIONAL STANDARD BOOK NUMBER
International Standard Book Number 968-24-2642-1
082 ## - DEWEY DECIMAL CLASSIFICATION NUMBER
Classification number 624.014.2/S21
100 ## - MAIN ENTRY--PERSONAL NAME
Personal name Sánchez Ochoa, Jorge
245 #0 - TITLE STATEMENT
Title Cálculo estructural en acero : Aplicado a la construcción arquitectónica
250 ## - EDITION STATEMENT
Edition statement 1a ed.
260 ## - PUBLICATION, DISTRIBUTION, ETC.
Place of publication, distribution, etc. México, D.F.
260 ## - PUBLICATION, DISTRIBUTION, ETC.
Name of publisher, distributor, etc. Trillas
260 ## - PUBLICATION, DISTRIBUTION, ETC.
Date of publication, distribution, etc. 1990
300 ## - PHYSICAL DESCRIPTION
Extent 256 p.
300 ## - PHYSICAL DESCRIPTION
Other physical details il., tbl., graf.
500 ## - GENERAL NOTE
General note 1 ejemplar
520 ## - SUMMARY, ETC.
Summary, etc. Manejo de estructuras metálicas, primordialmente acero, mediante la aplicación de conceptos fundamentales de estática y la resistencia de materiales.
650 ## - SUBJECT ADDED ENTRY--TOPICAL TERM
Topical term or geographic name entry element ACERO
650 ## - SUBJECT ADDED ENTRY--TOPICAL TERM
Topical term or geographic name entry element CALCULO ESTRUCTURAL
942 ## - ADDED ENTRY ELEMENTS (KOHA)
Koha item type Libros
Existencias
Fecha de la última vez que lo usaron Pago total Signatura topográfica completa Código de barras Precio efectivo desde Tipo de documento Estado perdido Estado dañado No es para préstamo Retirado Ubicación permanente Ubicación actual Fecha de adquisición
15/05/2020   624.014.2/S21 Bib-Lima15050979 15/05/2020 Libros         Biblioteca Central Lima Biblioteca Central Lima 15/05/2020